000 01541nam a2200445 i 4500
001 15289
003 KOSZ 005
005 20200624105728.0
008 200408s1972 pl a f f 000 0 pol
015 _aUWD 1973/2729
035 _a991032923979705066
035 _a(PL-WaBN)b18826027-48omnis_nlop
035 _ab18826027
035 _a(OCoLC)838979839
035 _a(PL)b0000001882602
035 _a(EXLNZ-48OMNIS_NETWORK)9910297055305606
040 _aWA N
_cWA N
_dKOSZ 005/RW
046 _k1972
080 _a54
080 _a(075.8)
100 1 _aZelichowicz, Natalia
_eAutor
245 1 0 _aĆwiczenia rachunkowe z chemii ogólnej /
_cNatalia Zelichowicz ; Politechnika Częstochowska.
260 _aCzęstochowa :
_bPolitechnika Częstochowska,
_c1972.
300 _a[2], 246 stron, [1] karta tablic :
_bilustracje ;
_c24 cm.
336 _aTekst
_btxt
_2rdacontent
337 _aBez urządzenie pośredniczącego
_bn
_2rdamedia
338 _aWolumin
_bnc
_2rdacarrier
380 _aKsiążki
380 _aPublikacje dydaktyczne
388 _a1901-2000
388 _a1945-1989
650 7 _aChemia
_2DBN
655 7 _aĆwiczenia i zadania dla szkół wyższych
_2DBN
658 _aChemia
710 2 _aPolitechnika Częstochowska
710 2 _aWydawnictwo Politechniki Częstochowskiej
_4pbl
856 _uhttp://koha.tu.koszalin.pl/cgi-bin/koha/opac-detail.pl?biblionumber=15289
_yKatalog online BPK
942 _2UKD
_cKS
999 _c15289
_d15289